00446pab a2200145 454500008004000000100002500040245011300065260000900178300001300187362001200200650003300212650002000245700001700265773001800282180718b1996 xxu||||| |||| 00| 0 eng d aPiet-Pelon, Nancy J. aIntegration of RTI care into existing family planning services in Bangladesh: the possible and the practical c1996 ap.186-95 aSep-Dec aFamily planning - Bangladesh aFamily planning aRob, Ubaidur aSocial Change